01092nam a2200205Ia 4500952010200000999001700102008004100119020001500160050002100175100003900196245007400235250002000309260003400329300001900363500014900382505028800531519004400819650001600863942000700879 00102lcc4070a11b11d2015-12-08l0oHM263 F462 1990p11 012812r2015-12-08t1w2015-12-08yLB c68089d68089120626s1990 mx 000 0 spa d a9682438780 aHM263bF462 1990 aFerrer Rodríguez, Eulalioeautor aLa publicidad b: textos y conceptos c/ Eulaio, Ferrrer Rodríguez  a4a. edición  aMéxico b: Trillas c, 1990 a294 páginas  aIncluye: Índice del contenido, Explicación del autor (pp. 9 -11), Índice de autores (pp. 274 -290), Índice onomástico (pp. 292 - 294)  aCuatro prólogos Apuntes para una historia de la publicidad ¿Qué es la publicidad? Apéndice antológico de definiciones El lenguaje de la publicidad La publicidad de profesión intelectual La sociedad de consumo y la publicidad Carta abierta a los publicistas  aMaterial Complementario / d(11 012812) aPUBLICIDAD  cLB